000 00525nam a22001937a 4500
003 OSt
005 20240612101543.0
008 240422b |||||||| |||| 00| 0 eng d
020 _a0486406830
040 _cDDC
082 _a515.7 KOL 1999
100 _4Kolmogorov A.N.,Fomin S.V.
245 _aElements of the Theory of Functions and functional Analysis /
260 _aNew York,
_bDover publications.
_c1961
300 _avii;128p.
_bIll,
_c21.5cm.
504 _aindex.
650 _aMathematics
942 _2ddc
_cO_SHELF
999 _c8302
_d8302